Rachunkowość - Statystyki

Ogólne statystyki
  • Ten quiz został rozwiązany 81 razy
  • Średni wynik to 13 z 47
Statystyki odpowiedzi
Hint Odpowiedź % Poprawnych
A. Aktywa trwałe
86%
B. Aktywa Obrotowe
77%
1. Środki trwałe
77%
I. Wartości niematerialne i prawne
73%
III. Należności długoterminowe
66%
II. Należności krótkoterminowe
66%
1. Materiały
57%
I. Zapasy
55%
2. Środki trwałe w budowie
50%
4. Towary
50%
II. Zobowiązania długoterminowe
48%
A. Kapitał Własny
45%
III. Zobowiązania krótkoterminowe
45%
IV. Inwestycje długoterminowe
39%
II. Kapitał zapasowy
39%
III. Inwestycje krótkoterminowe
36%
II. Rzeczowe aktywa trwałe
36%
VI. Zysk netto
36%
I. Kapitał podstawowy
34%
B. Kapitał Obcy
25%
3. Wyroby gotowe
25%
1. Nieruchomości
23%
IV. Rozliczenia międzyokresowe
23%
D. Udziały własne
18%
2. Zobowiązania z tytułu dostaw i usług
16%
V. Długoterminowe rozliczenia międzyokresowe
14%
IV. Krótkoterminowe rozliczenia międzyokresowe
14%
1. Należności z tytułu dostaw i usług
14%
I. Rezerwy na zobowiązania
14%
V. Zysk z lat ubiegłych
14%
C. Należne wpłaty na kapitał podstawowy
11%
III. Kapitał z aktualizacji wyceny
9%
4. Zobowiązania publiczno-prawne
9%
6. Fundusze specjalne
7%
3. Należności od pracowników
7%
2. Należności publiczno-prawne
7%
3. Zobowiązania wekslowe
7%
5. Zobowiązania wobec pracowników
7%
1. Z tytułu kredytów i pożyczek
7%
1. Z tytułu kredytów i pożyczek
7%
2. Produkcja niezakończona
5%
1. Środki pieniężne w kasie i na rachunku bankowym
5%
2. Inne długoterminowe aktywa finansowe
2%
2. Inne krótkoterminowe aktywa finansowe
2%
VII. Odpisy z zysku netto w ciągu roku obrotowego
2%
IV. Pozostałe kapitały rezerwowe
2%
2. Pozostałe zobowiązania długoterminowe
2%
Nie znaleziono quizów pasujących do podanych kryteriów
Rozkład punktacji
Procent ludzi z każdym wynikiem
Percentyl według liczby udzielonych odpowiedzi
Twoja historia wyników
Nie rozwiązałeś tego quizu